Sur les superstitions / (Record no. 11168)

MARC details
000 -LEADER
campo de control de longitud fija 01230pam a2200361 a 4500
001 - NÚMERO DE CONTROL
campo de control 39492
005 - FECHA Y HORA DE LA ÚLTIMA TRANSACCIÓN
campo de control 20230410101626.0
008 - DATOS DE LONGITUD FIJA--INFORMACIÓN GENERAL
campo de control de longitud fija 041115r20051944quc 000 0 fre d
035 ## - NÚMERO DE CONTROL DEL SISTEMA
Número de control de sistema (OCoLC)ocm57065063
040 ## - FUENTE DE CATALOGACIÓN
Centro catalogador/agencia de origen CaQMBN
Lengua de catalogación fre
Centro/agencia transcriptor NLC
Centro/agencia modificador DRFGD
016 ## - NÚMERO DE CONTROL DE UNA AGENCIA BIBLIOGRÁFICA NACIONAL
Número de control del registro 20049419390
020 ## - NÚMERO INTERNACIONAL ESTÁNDAR DEL LIBRO
Número Internacional Estándar del Libro 2923153308 :
Condiciones de disponibilidad 10,00 $
020 ## - NÚMERO INTERNACIONAL ESTÁNDAR DEL LIBRO
Número Internacional Estándar del Libro 9782923153308
029 0# - OTRO NÚMERO DE CONTROL DE SISTEMA (OCLC)
Identificador de la biblioteca OCLC NLC
Número de control de sistema 20049419390
035 ## - NÚMERO DE CONTROL DEL SISTEMA
Número de control de sistema (OCoLC)57065063
037 ## - FUENTE DE ADQUISICIÓN
Fuente del número de adquisición Dimédia, 539, boul. Lebeau, Saint-Laurent, QC H4N 1S2
043 ## - CÓDIGO DE ÁREA GEOGRÁFICA
Código de área geográfica nwht---
045 ## - PERIODO DE TIEMPO DEL CONTENIDO
Código de periodo de tiempo x4x4
050 14 - SIGNATURA TOPOGRÁFICA DE LA BIBLIOTECA DEL CONGRESO
Número de clasificación 110 BL 2566
Número de ítem R859s 2005
082 0# - NÚMERO DE LA CLASIFICACIÓN DECIMAL DEWEY
Número de clasificación 200/.97294
Número de edición 22
100 1# - ENTRADA PRINCIPAL--NOMBRE DE PERSONA
Nombre de persona Roumain, Jacques,
Fechas asociadas al nombre 1907-1944.
245 10 - MENCIÓN DEL TÍTULO
Título Sur les superstitions /
Mención de responsabilidad, etc. Jacques Roumain.
260 ## - PUBLICACIÓN, DISTRIBUCIÓN, ETC.
Lugar de publicación, distribución, etc. Montréal :
Nombre del editor, distribuidor, etc. Mémoire d'encrier,
Fecha de publicación, distribución, etc. 2005.
300 ## - DESCRIPCIÓN FÍSICA
Extensión 51 p. ;
Dimensiones 14 cm.
500 ## - NOTA GENERAL
Nota general Publ. antérieurement sous le titre: À propos de la campagne anti-superstitieuse. Port-au-Prince, Haiti : Impr. de l'État, 1944?.
651 #6 - PUNTO DE ACCESO ADICIONAL DE MATERIA--NOMBRE GEOGRÁFICO
Nombre geográfico Haiti
Subdivisión general Religion
Subdivisión cronológica 20e siècle.
650 #6 - PUNTO DE ACCESO ADICIONAL DE MATERIA--TÉRMINO DE MATERIA
Término de materia o nombre geográfico como elemento de entrada Superstitions
Subdivisión geográfica Haiti.
650 #0 - PUNTO DE ACCESO ADICIONAL DE MATERIA--TÉRMINO DE MATERIA
Término de materia o nombre geográfico como elemento de entrada Haiti
Subdivisión general Religion
Subdivisión cronológica 20th century.
650 #0 - PUNTO DE ACCESO ADICIONAL DE MATERIA--TÉRMINO DE MATERIA
Término de materia o nombre geográfico como elemento de entrada Superstition
Subdivisión geográfica Haiti.
700 1# - ENTRADA AGREGADA--NOMBRE PERSONAL
Nombre de persona Roumain, Jacques,
Fechas asociadas al nombre 1907-1944.
Título de la obra À propos de la campagne anti-superstitieuse.
942 ## - ELEMENTOS DE ENTRADA SECUNDARIOS (KOHA)
Fuente del sistema de clasificación o colocación Clasificación de Library of Congress
Tipo de ítem Koha
994 ## -
-- C0
-- DRFGD
Holdings
Estatus retirado Estado de pérdida Fuente del sistema de clasificación o colocación Estado de daño No para préstamo Colección Biblioteca de origen Biblioteca actual Ubicación en estantería Fecha de adquisición Serial enumeration / chronology Signatura topográfica completa Código de barras Visto por última vez Copia número Tipo de ítem Koha
    Clasificación de Library of Congress     Recursos Regionales Biblioteca Juan Bosch Biblioteca Juan Bosch Recursos Regionales (2do. Piso) 10/04/2023 1 110 BL 2566 R859s 2005 00000040451 23/10/2018 1